Представление документа в формате RUSMARC

ПолеНазваниеЗначение
  Тип записи a
  Библиографический уровень a
001 Контрольный номер RU/CBS_Ul/BASE/501238781
005 Дата корректировки 20250122233006.8
100 Данные общей обработки __
a Данные общей обработки 20151119d2015 ||| 0rusy0189 ca
101 Язык документа 0_
a Язык текста rus
102 Страна публикации __
a Страна публикации RU
105 Кодированные данные (монография) __
a Кодированные данные (монография) y###||||000|y
200 Заглавие и сведения об ответственности 1_
a Заглавие Фантастический прогноз
b Общее обозначение материала Текст
e Сведения, относящиеся к заглавию [беседа о фантастике и фантастической литературе]
f Первые сведения об ответственности С. Юрьев ; беседовала Т. Захарычева
300 Общие примечания __
a Общие примечания Прил.: с. 3. - (Аргументы и факты в Ульяновске)
300 Общие примечания __
a Общие примечания Ограничения по возрасту - 16+
461 Уровень набора _0
1 2000
a Аргументы и факты
463 Уровень физической единицы _0
1 2000
a № 47 (18-24 нояб.)
1 2101
d 2015
1 001RU/CBS_Ul/BASE/502387144
600 Персоналии _0
a Персоналии (Фамилия) Юрьев
b Персоналии (Имя, инициалы) С. С.
606 Тематические рубрики 0_
a Основная рубрика Российская литература, 20-21 вв. - Ульяновские писатели и поэты
610 Ключевые слова 0_
a Ключевые слова российская литература
610 Ключевые слова 0_
a Ключевые слова современная российская литература
610 Ключевые слова 0_
a Ключевые слова современные российские писатели
610 Ключевые слова 0_
a Ключевые слова фантастика
610 Ключевые слова 0_
a Ключевые слова писатели-фантасты
686 Индексы других классификаций __
a Классификационный индекс 83.3(2Рос=рус)6
2 Код системы ББК
700 Автор _1
a Фамилия Юрьев
b Имя (инициалы) С.
801 Источник записи _0
a Страна RU
b Организация МБУК ЦБС г. Ульяновска
c Дата составления 20151119
g Правила каталогизации RCR
801 Источник записи _1
a Страна RU
b Организация МБУК ЦБС г. Ульяновска
c Дата составления 20151119
g Правила каталогизации RCR
901 Тип документа __
t Тип документа f
w Контрольный № источника RU/CBS_Ul/BASE/502387144
910 Корректоры записи __
a Корректор записи Сидоркина
938 Служебная информация __
a Имя БД kraeved